000 01973nam0a2200325 4500
001 RU\NLR\bibl\886236
005 20250614170717.0
010 _a5-89816-059-0
_95000
021 _aRU
_b2005-74537
_93675
035 _a(NLR Aleph) 000874768
090 _a1621827
_c1621827
100 _a20051209d2005 |||y0rusy50 ca
101 1 _arus
_ceng
102 _aRU
105 _aa |||||||||
200 1 _aНейролептики: современные подходы к лечению шизофрении
_e[сборник
_fпер. с англ. Н.В. Первуховой и Е.Г. Люльевой
_gред. пер. Д.В. Самойлов]
210 _aМосква
_cПрактика
_d2005
215 _a80 с.
_cил.
_d21
320 _aБиблиогр. в тексте
327 1 _aСодерж.: Лечение хронической шизофрении у взрослых / Жозеф Пескен. Применение нейролептиков при шизофрении: глава из "Практического руководства по лечению шизофрении" Американской психиатрической ассоциации
464 0 _12001#$aЛечение хронической шизофрении у взрослых
_1700#1$aПескен$bЖ.$gЖозеф$4070
_tЛечение хронической шизофрении у взрослых
_aПескен, Жозеф
464 0 _12001#$aПрактическое руководство по лечению шизофрении
_tПрактическое руководство по лечению шизофрении
606 1 _aШизофрения
_xТерапия нейролептическими средствами
_92409100
_3RU\NLR\auth\661435519
686 _aР645.90-52
702 1 _aСамойлов
_bД. В.
_4340
801 0 _aRU
_bNLR
_c20051209
_grcr
801 1 _aRU
_bNLR
_c20051209
942 _cBOOK
980 _aNB